000
00326nam a22001337a 4500
020
_a
0471775606
082
_a
332.63240973 SEL
100
_a
Seldin,Maury
245
_a
Real Estate investment strategy
260
_a
London
_b
wiley- Interscience
_c
1970
300
_a
xiii, 248p.
_b
22cm.
500
_a
Include index
942
_c
BK
999
_c
15004
_d
15004